| 000 | 00526nam a2200181Ia 4500 | ||
|---|---|---|---|
| 008 | 151202s9999||||xx |||||||||||||| ||und|| | ||
| 082 | _bPNVM-54649 | ||
| 100 | _aतुपे उत्तम. | ||
| 245 | _aचिपाड. | ||
| 260 | _b"मॅजेस्टिक प्रकाशन,गिरगाव." | ||
| 260 | _c1989 | ||
| 300 | _a117 | ||
| 600 | _aतुपे उत्तम. | ||
| 630 | _aचिपाड. | ||
| 700 | _aतुपे उत्तम. | ||
| 730 | _aचिपाड. | ||
| 942 | _cBOOK | ||
| 999 |
_c1321188 _d1321185 |
||